Countries containing JQXZ - Statistics

General Stats
  • This quiz has been taken 184 times
  • The average score is 15 of 26
Answer Stats
Answer % Correct
Zambia
95%
Qatar
94%
Zimbabwe
94%
Jamaica
84%
Japan
81%
Jordan
78%
Azerbaijan
68%
Mexico
65%
Mozambique
64%
Kazakhstan
59%
Tajikistan
58%
Kyrgyzstan
56%
Uzbekistan
52%
Luxembourg
49%
Brazil
47%
Djibouti
45%
Venezuela
45%
Iraq
42%
New Zealand
41%
Switzerland
41%
Belize
39%
Equatorial Guinea
35%
Tanzania
35%
Czech Republic
34%
Fiji
32%
Bosnia and Herzegovina
29%
No matching quizzes found
Score Distribution
Percent of People with Each Score
Percentile by Number Answered
Your Score History
You have not taken this quiz